00421nam a2200157Ia 4500003000400000005001700004008004100021020002900062040001700091082002600108100001900134245005400153260002300207300001600230650001700246IIN20240129153154.0231217s9999 xx 000 0 und d cRs.295.00a9789374735817 aIINbEnglish a615.1 bDHI1 aDhikav, Vikas 1 aTextbook of Pharmacology for NursescVikas Dhikav bAITBSaDelhic2016 axii, 345 p.1 aPharmacology